LEADER 03327oam 2200697I 450 001 9910450928103321 005 20200520144314.0 010 $a0-429-23347-7 010 $a1-134-44573-3 010 $a1-280-07725-5 010 $a0-203-49578-0 024 7 $a10.4324/9780203495780 035 $a(CKB)1000000000254575 035 $a(EBL)182397 035 $a(OCoLC)56335816 035 $a(SSID)ssj0000294627 035 $a(PQKBManifestationID)11244158 035 $a(PQKBTitleCode)TC0000294627 035 $a(PQKBWorkID)10312218 035 $a(PQKB)11655980 035 $a(MiAaPQ)EBC182397 035 $a(Au-PeEL)EBL182397 035 $a(CaPaEBR)ebr10098981 035 $a(CaONFJC)MIL7725 035 $a(OCoLC)1000428027 035 $a(EXLCZ)991000000000254575 100 $a20180331d2004 uy 0 101 0 $aeng 135 $aur|n|---||||| 181 $ctxt 182 $cc 183 $acr 200 04$aThe economics of climate change /$fedited by Anthony D. Owen and Nick Hanley 210 1$aLondon ;$aNew York :$cRoutledge,$d2004. 215 $a1 online resource (318 p.) 225 1 $aRoutledge explorations in environmental economics ;$v3 300 $aDescription based upon print version of record. 311 $a0-415-40642-0 311 $a0-203-60001-0 311 $a0-415-28724-3 320 $aIncludes bibliographical references and index. 327 $aBook Cover; Title; Contents; List of figures; List of tables; List of boxes; Acknowledgements; List of contributors; List of abbreviations; Introduction; Global warming: scientific modelling and its relationship to the economic dimensions of policy; From negotiation to implementation: the UN Framework Convention on Climate Change and its Kyoto Protocol; Climate protection: what insight can econom ics offer?; The economics of the Kyoto Protocol; The role of economic instruments; Cost-Benefit Analysis and climate change; Economic modelling of global climate change 327 $aThe role of energy prices in global climate changeProject-based mechanisms: baselines, additionality and monitoring; Developing countries and climate change; The transition to renewable energy; Index 330 $aThis impressive new collection couldn't come at a better time. With global warming now becoming physically noticeable and the Kyoto treaty stalling in its efforts to get the developed world on board, a look at the economic factors of global warming is very much welcome. With contributions from distinguished authors and covering everything you need to know about global warming and its financial implications, this fascinating book will appeal across the political and scientific spectrum. 410 0$aRoutledge explorations in environmental economics ;$v3. 606 $aEnvironmental economics 606 $aClimatic changes$xEconomic aspects 608 $aElectronic books. 615 0$aEnvironmental economics. 615 0$aClimatic changes$xEconomic aspects. 676 $a363.738/74 676 $a363.73874 701 $aOwen$b Anthony David$0889192 701 $aHanley$b Nick$088684 801 0$bMiAaPQ 801 1$bMiAaPQ 801 2$bMiAaPQ 906 $aBOOK 912 $a9910450928103321 996 $aThe economics of climate change$91986644 997 $aUNINA